|
|
|
|
| LEADER |
00000cam a2200000 a 4500 |
| 001 |
vtls001076539 |
| 003 |
SK-MaSNL |
| 005 |
20260302030727.0 |
| 008 |
240125s1994 xo 0000f cze |
| 015 |
|
|
|a SNBA1994/10
|
| 020 |
|
|
|a 808873312X
|
| 035 |
|
|
|a SNK000019372
|
| 040 |
|
|
|a SNK
|b slo
|c SNK
|e AACR2
|
| 041 |
1 |
|
|a cze
|h eng
|
| 044 |
|
|
|a xo
|c SK
|
| 080 |
|
|
|a 820 (73)-3=850
|2 1981
|
| 100 |
1 |
|
|a Palmer, Michael,
|d 1942-2013
|4 aut
|9 88372
|
| 240 |
1 |
4 |
|a The flashback
|l Česky
|
| 245 |
1 |
0 |
|a Peklo návratů
|c Michael Palmer ; přeložili Petra a Karel Štechovi
|
| 260 |
|
|
|a Bratislava
|b Aktuell
|c 1994
|e Tranva
|f Polygrafické závody
|
| 300 |
|
|
|a 407 s.
|c 20 cm
|
| 500 |
|
|
|a Preložené z angličtiny
|
| 655 |
|
7 |
|a americké romány
|2 SNKPH
|9 1174
|
| 655 |
|
7 |
|a trilery (romány)
|2 SNKPH
|9 151146
|
| 700 |
1 |
|
|a Štechová, Petra,
|d 1957-
|4 trl
|9 108897
|
| 700 |
1 |
|
|a Štech, Karel
|4 trl
|9 244528
|
| 852 |
|
|
|a Slovenská národná knižnica
|
| 919 |
|
|
|a 80-88733-12-X
|
| 954 |
|
|
|a beletria cudzojazyčná (svetová)
|2 lita
|
| 958 |
|
|
|a LX
|
| 958 |
|
|
|a UC
|
| 958 |
|
|
|a TL
|
| 958 |
|
|
|a UP
|
| 958 |
|
|
|a NS
|
| 958 |
|
|
|a CZ
|
| 968 |
|
|
|a [Čes]
|b ENG
|d Z angl. orig.
|
| 999 |
|
|
|c 1048849
|d 1050779
|
| 952 |
|
|
|t P60, <05>, [BOOK], {605}
|a SNK
|b SNK
|y PREZ
|7 0
|p 17A0127955
|o snkSC 86617 D1
|0 0
|1 0
|4 0
|d 1998-03-09
|l 0
|r 2004-12-31 00:00:00
|w 2026-02-24
|